|
|
|
|
| LEADER |
00663cam a2200205 7i4500 |
| 001 |
0000045379 |
| 005 |
20130306090000.0 |
| 020 |
|
|
|a 9833376711 (pbk.)
|
| 020 |
|
|
|a 9789833376711
|
| 090 |
0 |
0 |
|a HF5415.126
|b .M242 2006
|
| 100 |
0 |
|
|a Mohd Rozani Pawan Chek
|
| 245 |
1 |
0 |
|a Menjadi jutawan MLM
|c Mohd Rozani Pawan Chek.
|
| 260 |
|
|
|a Kuala Lumpur:
|b PTS Professional Pub.,
|c 2006.
|
| 300 |
|
|
|a 195 p.:
|b ill.;
|c 23 cm.
|
| 650 |
0 |
0 |
|a Multilevel marketing
|
| 650 |
0 |
0 |
|a Direct selling
|
| 650 |
0 |
0 |
|a Millionaires
|
| 650 |
0 |
0 |
|a Success in business
|
| 999 |
|
|
|a 0000055234
|b BOK
|c OPEN SHELF
|e 1st Floor, Shah Alam
|
| 999 |
|
|
|a 0000055235
|b BOK
|c OPEN SHELF
|e 1st Floor, Bestari Jaya
|